000 01397ngm a22003370a 4500
001 PT19540
003 AR-LpoUNG
005 20210202000312.0
007 vd cvaizq
008 191001s1982||||ag |||||||||||||||||ger d
037 _c$9.96
040 _aAR-LpoUNG
_bspa
_cAR-LpoUNG
_eaacr
041 _ager
044 _aag
082 0 _a305.4 858her
100 1 _aTrotta, Margarethe von
245 1 4 _aLas hermanas alemanas :
_blos años de plomo
260 _aBuenos Aires :
_bVestal Video,
_c1982.
300 _aVHS (130 min.) : son., col.
505 0 _asubtítulos en español
520 _aRelato de una guerrillera, de una mujer que ha elegido el fanatismo político, la violencia y la clandestinidad abandonando sus deberes de madre y esposa. Es la historia de la fundadora e ideóloga de un grupo guerrillero y de las causas que la condujeron a rebelarse contra la sociedad. Esta película, bien podría haberse desarrollado en nuestro país. El final, suicidada (¿o eliminada?) en una cárcel de máxima seguridad es no solo abiertamente político sino una confesión de sentimientos y un grito desgarrador por la vida.
650 4 _aALEMANIA
650 4 _aCOMPORTAMIENTO POLITICO
650 4 _aGUERRILLEROS
650 4 _aPARTICIPACION DE LA MUJER
650 4 _aPARTICIPACION POLITICA
651 4 _aDinamarca
653 _aVIDEOS
905 _a19540
942 _cVIDEO
999 _c54568
_d54568